Search for neutrinos from stellar gravitational collapse with the MACRO experiment at Gran Sasso : (Record no. 584961)

MARC details
000 -LEADER
fixed length control field 00570nam a2200193 a 4500
008 - FIXED-LENGTH DATA ELEMENTS--GENERAL INFORMATION
fixed length control field 250902s1996##################000#0#eng##
020 ## - INTERNATIONAL STANDARD BOOK NUMBER
ISBN 9788876422843
082 04 - DEWEY DECIMAL CLASSIFICATION NUMBER
Classification number 539.72
Item number CEI
100 1# - MAIN ENTRY--AUTHOR NAME
Personal name Cei, Fabrizio,
245 10 - TITLE STATEMENT
Title Search for neutrinos from stellar gravitational collapse with the MACRO experiment at Gran Sasso :
260 ## - PUBLICATION, DISTRIBUTION, ETC. (IMPRINT)
Name of publisher Edizioni della Normale,
Year of publication 1996.
300 ## - PHYSICAL DESCRIPTION
Number of Pages 170 pages
650 #0 - SUBJECT ADDED ENTRY--TOPICAL TERM
Topical Term Science.
942 ## - ADDED ENTRY ELEMENTS (KOHA)
Koha item type English Books
Holdings
Withdrawn status Lost status Damaged status Not for loan Home library Current library Shelving location Date acquired Full call number Accession Number Price effective from Koha item type
        Anna Centenary Library Anna Centenary Library 5TH FLOOR, A WING 02.09.2025 539.72 CEI 318351 02.09.2025 English Books

Find us on the map